Seminario para definir los futuros lineamientos del desarrollo urbano de Managua
Presenta una recopilación de los principales aspectos geológicos del país, tanto en el campo tectónico o volcánico para la búsqueda de medios adecuados para una descentralización demográfica del área de Managua.
| Other Authors: | |
|---|---|
| Format: | Tesis Section = Libro |
| Language: | Undetermined Spanish |
| Published: |
Managua
Universidad Nacional Autónoma de Nicaragua (UNAN)
1972
|
| Subjects: |
| LEADER | 00897nam a2200205Ia 4500 | ||
|---|---|---|---|
| 008 | 240830s9999 xx 000 0 und d | ||
| 040 | |a BIBLIOTECA-RUSB/ Mon 711.1 N582 | ||
| 041 | |a spa | ||
| 082 | |a Mon 711.1 N582 | ||
| 245 | 1 | 0 | |a Seminario para definir los futuros lineamientos del desarrollo urbano de Managua |
| 260 | |a Managua |b Universidad Nacional Autónoma de Nicaragua (UNAN) |c 1972 | ||
| 300 | |a p. irreg. :il. | ||
| 502 | |a Tesis (Arquitecto) - Universidad Nacional Autónoma de Nicaragua (UNAN), 1972. | ||
| 520 | 3 | |a Presenta una recopilación de los principales aspectos geológicos del país, tanto en el campo tectónico o volcánico para la búsqueda de medios adecuados para una descentralización demográfica del área de Managua. | |
| 650 | 7 | |a ASPECTOS TECNICOS Y SOCIALES | |
| 650 | 7 | |b ARQUITECTURA | |
| 700 | 1 | |a Tutor: | |
| 942 | |c BK |2 ddc | ||
| 991 | |a TESIS | ||
| 999 | |c 20854 | ||